| 000 | 00662nam a2200277Ia 4500 | ||
|---|---|---|---|
| 005 | 20260121124435.0 | ||
| 008 | 008 260114s9999 xx 000 0 eng d | ||
| 020 | _a9781438491783 | ||
| 037 | _aEBOOK | ||
| 040 | _aCRL | ||
| 040 | _beng | ||
| 040 | _cCRL | ||
| 041 | _2eng | ||
| 041 | _aeng | ||
| 084 | _qCRL | ||
| 100 |
_aHuang, Kuan-yun _9976026 |
||
| 245 | 2 | _aA Walk in the Night with Zhuangzi | |
| 260 | _bWalter de Gruyter | ||
| 260 | _bWalter de Gruyter | ||
| 260 | _c2023 | ||
| 650 |
_aPhilosophy _9976027 |
||
| 856 | _uhttp://www.degruyter.com/isbn/9781438491783 | ||
| 942 | _cEBOOK | ||
| 999 |
_c1554606 _d1554606 |
||